Proč OSN nezabránila genocidě ve Rwandě?
Rwandská genocída svojím rozsahom, brutalitou a rýchlosťou je bezprecedentnou udalosťou v ľudskej histórii. Tomuto masovému aktu jednostrannej agresie však mohlo byť zabránené, nebyť nečinného prizerania sveta na čele s Organizáciou spojených národov. Prečo svet odmietol reagovať aj napriek východis...
Salvato in:
| Autore principale: | |
|---|---|
| Natura: | Capitolo di libro |
| Lingua: | ceco |
| Soggetti: | |
| Tags: |
Nessun Tag, puoi essere il primo ad aggiungerne!!
|
MARC
| LEADER | 00000nla a2200000 4500 | ||
|---|---|---|---|
| 001 | 0185125 | ||
| 005 | 20240209091517.5 | ||
| 041 | 0 | |a cze | |
| 044 | |a CZ | ||
| 245 | 1 | 0 | |a Proč OSN nezabránila genocidě ve Rwandě? |c Tomáš Jelínek |
| 520 | |a Rwandská genocída svojím rozsahom, brutalitou a rýchlosťou je bezprecedentnou udalosťou v ľudskej histórii. Tomuto masovému aktu jednostrannej agresie však mohlo byť zabránené, nebyť nečinného prizerania sveta na čele s Organizáciou spojených národov. Prečo svet odmietol reagovať aj napriek východiskám, ktoré im situácia ponúkala? Čo mohlo byť urobené inak. | ||
| 610 | 2 | 0 | |a vzťahy medzinárodné |
| 610 | 2 | 0 | |a politika medzinárodná |
| 610 | 2 | 0 | |a konflikty etnické |
| 610 | 2 | 0 | |a vojny |
| 610 | 2 | 0 | |a organizácie medzinárodné |
| 610 | 2 | 0 | |a bezpečnosť |
| 610 | 2 | 0 | |a práva ľudské |
| 610 | 2 | 0 | |a Rwanda |
| 100 | 1 | |a Jelínek, Tomáš | |